000 00329nam a22001457a 4500
008 210507b ||||| |||| 00| 0 eng d
020 _a9789951672047
041 _aeng
080 _a574
082 _a574
100 _a10
101 _aMJE
245 _aPraktikum i Botanikës së Përgjithshme
_cMillaku,F
942 _2udc
_cBK
999 _c57088
_d57088